[Event "EU-ch Rapid (Women)"]
[Site "Monaco"]
[Date "2024.01.14"]
[Round "8"]
[White "Vajda, Szidonia"]
[Black "Lezhepekova, Veronika"]
[Result "1-0"]
[WhiteElo "2283"]
[BlackElo "1935"]
[PlyCount "97"]
[EventDate "2024.01.13"]
[EventType "swiss (rapid)"]
[EventRounds "11"]
[EventCountry "MNC"]
[SourceTitle "CB03_2024"]
[SourceDate "2024.01.17"]
[SourceVersion "1"]
[SourceVersionDate "2024.01.17"]
[SourceQuality "1"]

1. e4 c5 2. Nf3 a6 3. c3 d5 4. exd5 Qxd5 5. d4 e6 6. Be3 cxd4 7. cxd4 Nf6 8. Nc3 Qd8 9. Bd3 Nc6 10. a3 b5 11. 0-0 Bb7 12. Qe2 Be7 13. Rad1 Nd5 14. Bc1 0-0 15. Ne4 Rc8 16. Rfe1 Na5 17. Bb1 Nc4 18. Neg5 g6 19. h4 Qc7 20. Ne5 Nxe5 21. dxe5 Qc4 22. g3 Qxe2 23. Rxe2 Rc7 24. Ne4 Rfc8 25. Ree1 b4 26. axb4 Bxb4 27. Bd2 a5 28. Bxb4 axb4 29. Nd6 Ra8 30. Rc1 Rxc1 31. Rxc1 Ba6 32. Be4 Ra7 33. Rd1 Rc7 34. Ra1 Bb7 35. Ra7 Rc1+ 36. Kh2 Bc6 37. Nxf7 Bb5 38. Nh6+ Kf8 39. Rxh7 Ne7 40. Rf7+ Ke8 41. Rf6 Re1 42. Bxg6+ Nxg6 43. Rxg6 Rxe5 44. Rg4 Be2 45. Rxb4 Bf3 46. Rf4 Bd1 47. Ng4 Re2 48. b4 Rb2 49. Ne3 1-0

[Event "Benidorm op U2300 18th"]
[Site "Benidorm"]
[Date "2019.12.04"]
[Round "6"]
[White "Lezhepekova, Veronika"]
[Black "Barbera Estelles, Rosendo"]
[Result "0-1"]
[WhiteElo "2001"]
[BlackElo "2212"]
[PlyCount "70"]
[EventDate "2019.11.29"]
[EventType "swiss"]
[EventRounds "10"]
[EventCountry "ESP"]
[SourceTitle "EXT 2022"]
[Source "ChessBase"]
[SourceDate "2021.10.06"]
[SourceVersion "1"]
[SourceVersionDate "2021.10.06"]
[SourceQuality "1"]

1. e4 e5 2. Bc4 Nf6 3. d3 Bc5 4. Nf3 Nc6 5. 0-0 d6 6. c3 a6 7. b4 Ba7 8. Be3 0-0 9. Bxa7 Rxa7 10. Re1 Ra8 11. Nbd2 Ne7 12. d4 Ng6 13. dxe5 dxe5 14. Qc2 Nh5 15. Nf1 Nhf4 16. Ne3 Qf6 17. Nf5 Ne7 18. Ne3 Nxg2 19. Nxg2 Qxf3 20. Re3 Qf6 21. Rg3 Be6 22. Bb3 Rad8 23. Qe2 Ng6 24. Bxe6 Qxe6 25. h4 Rd6 26. h5 Nf4 27. Nxf4 exf4 28. Rg5 Qh3 29. f3 Rfd8 30. Rd5 Rxd5 31. exd5 Qxh5 32. Qe7 Qxd5 33. Qxc7 Qg5+ 34. Kf1 h6 35. Re1 Qh4 0-1

[Event "St Petersburg Summer op"]
[Site "St Petersburg"]
[Date "2017.08.23"]
[Round "8"]
[White "Lezhepekova, Veronika"]
[Black "Andrijashkin, Deniss"]
[Result "0-1"]
[WhiteElo "2040"]
[BlackElo "1881"]
[PlyCount "112"]
[EventDate "2017.08.16"]
[EventType "swiss"]
[EventRounds "9"]
[EventCountry "RUS"]
[SourceTitle "CBM 180 Extra"]
[Source "ChessBase"]
[SourceDate "2017.10.06"]
[SourceVersion "1"]
[SourceVersionDate "2017.10.06"]
[SourceQuality "1"]

1. Nf3 d5 2. b3 c5 3. Bb2 f6 4. e3 e5 5. d4 e4 6. Bb5+ Nc6 7. Ng1 a6 8. Bxc6+ bxc6 9. Ne2 cxd4 10. Nxd4 Qc7 11. Nd2 Bd6 12. f3 exf3 13. Qxf3 Ne7 14. Qh5+ Ng6 15. c4 dxc4 16. 0-0 c5 17. Nxc4 cxd4 18. Qd5 Bxh2+ 19. Kh1 Bb7 20. Qe6+ Ne7 21. Ba3 Bd5 22. Qg4 h5 23. Qh3 Bxc4 24. bxc4 Be5 25. exd4 Bxd4 26. Rad1 Be5 27. Qe6 Rd8 28. Rxd8+ Qxd8 29. Bxe7 Qxe7 30. Qc8+ Qd8 31. Qe6+ Kf8 32. Qxe5 Kf7 33. Qf5 g6 34. Qf4 h4 35. Rf3 Rh5 36. Rb3 Qe7 37. Re3 Qd7 38. Rh3 g5 39. Qe4 Qd1+ 40. Kh2 Qd6+ 41. Kg1 Qc5+ 42. Kf1 Qe7 43. Qd5+ Qe6 44. Qd4 g4 45. Re3 Qf5+ 46. Ke2 Qc2+ 47. Ke1 Qb1+ 48. Kd2 Qxa2+ 49. Kc1 Qa4 50. Qxg4 Qa1+ 51. Kd2 Qb2+ 52. Kd1 Qb1+ 53. Ke2 Qc2+ 54. Ke1 Rf5 55. Rf3 Re5+ 56. Kf1 Qd1+ 0-1

[Event "St Petersburg Summer op"]
[Site "St Petersburg"]
[Date "2017.08.22"]
[Round "7"]
[White "Abrosimov, Egor"]
[Black "Lezhepekova, Veronika"]
[Result "1-0"]
[WhiteElo "1797"]
[BlackElo "2040"]
[PlyCount "117"]
[EventDate "2017.08.16"]
[EventType "swiss"]
[EventRounds "9"]
[EventCountry "RUS"]
[SourceTitle "CBM 180 Extra"]
[Source "ChessBase"]
[SourceDate "2017.10.06"]
[SourceVersion "1"]
[SourceVersionDate "2017.10.06"]
[SourceQuality "1"]

1. e4 c5 2. Nf3 e6 3. d4 cxd4 4. Nxd4 Nc6 5. Nc3 a6 6. Be2 Bb4 7. 0-0 Nf6 8. Nxc6 bxc6 9. e5 Bxc3 10. bxc3 Nd5 11. Qd4 f6 12. Bh5+ g6 13. Qg4 Qe7 14. c4 Nc7 15. exf6 Qxf6 16. Bf4 gxh5 17. Qxh5+ Qf7 18. Qxf7+ Kxf7 19. Bxc7 d5 20. Rab1 Rg8 21. Rfe1 dxc4 22. Re4 Ra7 23. Be5 Rb7 24. Rxb7+ Bxb7 25. Rxc4 c5 26. f3 Rg5 27. Bd6 e5 28. Kf2 Ke6 29. Bxc5 Kd5 30. Rc3 Rg6 31. Be3 Rc6 32. Rxc6 Bxc6 33. Bh6 Ba4 34. c3 Bc2 35. Ke3 Bb1 36. a3 Bc2 37. Bg7 Bb3 38. f4 exf4+ 39. Kxf4 Ke6 40. g3 Kf7 41. Bh8 Ke6 42. Ke4 Bc2+ 43. Kd4 Kd6 44. Bg7 Bd1 45. Bf8+ Kc6 46. Ke5 Be2 47. Kf6 Kb5 48. Kg5 Kc4 49. Bb4 Kb3 50. Kh6 Bd3 51. g4 Kc4 52. h4 Kb5 53. h5 a5 54. g5 axb4 55. axb4 Kc4 56. g6 hxg6 57. hxg6 Kxc3 58. g7 Bc4 59. b5 1-0

[Event "St Petersburg Summer op"]
[Site "St Petersburg"]
[Date "2017.08.18"]
[Round "3"]
[White "Lezhepekova, Veronika"]
[Black "Zhivotovskaya, Asya"]
[Result "1/2-1/2"]
[WhiteElo "2040"]
[BlackElo "1832"]
[PlyCount "80"]
[EventDate "2017.08.16"]
[EventType "swiss"]
[EventRounds "9"]
[EventCountry "RUS"]
[SourceTitle "CBM 180 Extra"]
[Source "ChessBase"]
[SourceDate "2017.10.06"]
[SourceVersion "1"]
[SourceVersionDate "2017.10.06"]
[SourceQuality "1"]

1. Nf3 d5 2. b3 c5 3. Bb2 Nf6 4. e3 Nc6 5. c4 e6 6. d4 b6 7. cxd5 exd5 8. Nc3 cxd4 9. Nxd4 Nxd4 10. Qxd4 Bc5 11. Bb5+ Ke7 12. Qh4 Bb7 13. 0-0 a6 14. Bd3 Re8 15. b4 Bd6 16. e4 Kf8 17. exd5 h6 18. Rfe1 Be5 19. b5 Nxd5 20. Qxd8 Raxd8 21. bxa6 Bc6 22. Be4 Bxc3 23. Bxc3 Rxe4 24. Bxg7+ Kxg7 25. Rxe4 Bb5 26. a7 Ra8 27. Re5 Bc6 28. Rc1 Bb7 29. Rd1 Rxa7 30. Rdxd5 Bxd5 31. Rxd5 Rxa2 32. g3 Rb2 33. Rd6 b5 34. Rb6 b4 35. g4 Rb3 36. Kg2 Kh7 37. Rf6 Kg7 38. Rb6 Kh7 39. Rf6 Kg7 40. Rb6 Kh7 1/2-1/2

[Event "St Petersburg-ch (Women)"]
[Site "St Petersburg"]
[Date "2016.03.27"]
[Round "8"]
[White "Styazhkina, Anna"]
[Black "Lezhepekova, Veronika"]
[Result "1-0"]
[WhiteElo "2246"]
[BlackElo "2073"]
[PlyCount "37"]
[EventDate "2016.03.20"]
[EventType "swiss"]
[EventRounds "9"]
[EventCountry "RUS"]
[SourceTitle "CBM 171 Extra"]
[Source "ChessBase"]
[SourceDate "2016.04.26"]
[SourceVersion "1"]
[SourceVersionDate "2016.04.26"]
[SourceQuality "1"]

1. e4 b6 2. d4 Bb7 3. Nc3 e6 4. Nf3 Bb4 5. Bd3 Nf6 6. Qe2 d5 7. e5 Ne4 8. 0-0 Nxc3 9. bxc3 Be7 10. c4 c5 11. Rd1 dxc4 12. Bxc4 Qc7 13. Bb2 cxd4 14. Nxd4 a6 15. Bxe6 fxe6 16. Nxe6 Qc6 17. Qg4 Bf8 18. Rd8+ Ke7 19. Ba3+ 1-0

[Event "St Petersburg-ch (Women)"]
[Site "St Petersburg"]
[Date "2015.03.29"]
[Round "7"]
[White "Lezhepekova, Veronika"]
[Black "Balaian, Alina"]
[Result "0-1"]
[WhiteElo "2101"]
[BlackElo "2214"]
[PlyCount "34"]
[EventDate "2015.03.23"]
[EventType "swiss"]
[EventRounds "9"]
[EventCountry "RUS"]
[SourceTitle "CBM 165 Extra"]
[Source "ChessBase"]
[SourceDate "2015.04.21"]
[SourceVersion "1"]
[SourceVersionDate "2015.04.21"]
[SourceQuality "1"]

1. Nf3 g6 2. c4 Bg7 3. d4 c5 4. Nc3 cxd4 5. Nxd4 Nc6 6. Nxc6 bxc6 7. Qc2 Nf6 8. e3 0-0 9. Be2 d5 10. 0-0 e5 11. f4 exf4 12. cxd5 cxd5 13. exf4 d4 14. Ne4 Nxe4 15. Qxe4 Bf5 16. Qc6 Rc8 17. Qa4 d3 0-1

[Event "St Petersburg-ch (Women)"]
[Site "St Petersburg"]
[Date "2015.03.27"]
[Round "5"]
[White "Ivkina, Olga"]
[Black "Lezhepekova, Veronika"]
[Result "1/2-1/2"]
[WhiteElo "2163"]
[BlackElo "2101"]
[PlyCount "151"]
[EventDate "2015.03.23"]
[EventType "swiss"]
[EventRounds "9"]
[EventCountry "RUS"]
[SourceTitle "CBM 165 Extra"]
[Source "ChessBase"]
[SourceDate "2015.04.21"]
[SourceVersion "1"]
[SourceVersionDate "2015.04.21"]
[SourceQuality "1"]

1. e4 c5 2. Nf3 e6 3. c4 d5 4. cxd5 exd5 5. exd5 Qxd5 6. Bb5+ Bd7 7. Bxd7+ Qxd7 8. 0-0 Nc6 9. Re1+ Be7 10. b4 cxb4 11. a3 Nf6 12. axb4 0-0 13. b5 Nb4 14. Nc3 Nd3 15. Rxe7 Qxe7 16. Ba3 Qe6 17. Bxf8 Kxf8 18. Qb1 Rd8 19. Qa2 Qg4 20. Qa3+ Kg8 21. Qe7 Rd7 22. Qe3 b6 23. Qxb6 h6 24. Qb8+ Kh7 25. Qg3 Qb4 26. h4 Qb2 27. Rf1 Nc1 28. Qh3 Re7 29. Ng5+ Kg8 30. Nf3 Qc2 31. Qc8+ Kh7 32. Qc6 Nd3 33. Qd6 Rd7 34. Qg3 Nc1 35. Qe5 Nb3 36. Nb1 Qd3 37. Qb2 Nd4 38. Nxd4 Rxd4 39. g3 Ne4 40. Kg2 Nxd2 41. Nxd2 Qxd2 42. Qxd2 Rxd2 43. Ra1 Rd7 44. Kf3 Re7 45. Ra4 f5 46. Kf4 g6 47. h5 gxh5 48. Kxf5 Rf7+ 49. Ke6 Rxf2 50. Rxa7+ Kg6 51. Ra8 Kg7 52. Kd6 Rd2+ 53. Kc5 Rc2+ 54. Kd4 Rd2+ 55. Kc3 Rg2 56. b6 Rxg3+ 57. Kc4 Rg4+ 58. Kc5 Rg5+ 59. Kc6 Rg6+ 60. Kc7 Kf6 61. Ra5 h4 62. b7 Rg7+ 63. Kb6 Rg8 64. Ka7 Kg6 65. b8Q Rxb8 66. Kxb8 h3 67. Ra3 Kg5 68. Rxh3 h5 69. Kc7 Kg4 70. Ra3 h4 71. Kd6 h3 72. Ke5 h2 73. Ra1 Kf3 74. Kf5 Kg2 75. Ra2+ Kg3 76. Rxh2 1/2-1/2

[Event "St Petersburg-ch (Women)"]
[Site "St Petersburg"]
[Date "2015.03.26"]
[Round "4"]
[White "Lezhepekova, Veronika"]
[Black "Chuprova, Irina"]
[Result "1/2-1/2"]
[WhiteElo "2101"]
[BlackElo "1909"]
[PlyCount "82"]
[EventDate "2015.03.23"]
[EventType "swiss"]
[EventRounds "9"]
[EventCountry "RUS"]
[SourceTitle "CBM 165 Extra"]
[Source "ChessBase"]
[SourceDate "2015.04.21"]
[SourceVersion "1"]
[SourceVersionDate "2015.04.21"]
[SourceQuality "1"]

1. e4 e6 2. b3 d5 3. Bb2 d4 4. f4 c5 5. Nf3 Nf6 6. Bb5+ Bd7 7. Bxd7+ Qxd7 8. Qe2 Nc6 9. Na3 Rd8 10. d3 Be7 11. Nc4 Qc7 12. Bc1 Nd7 13. a4 e5 14. fxe5 Ndxe5 15. Ncxe5 Nxe5 16. Nxe5 Qxe5 17. 0-0 0-0 18. Qg4 Bd6 19. g3 Qe6 20. Rf5 Kh8 21. Qf3 f6 22. Bf4 g6 23. Bxd6 Rxd6 24. Rxc5 Rc6 25. Rxc6 Qxc6 26. Qf2 Qc3 27. Re1 f5 28. Rf1 Kg7 29. Qf4 Qxc2 30. Qe5+ Kh6 31. Qxd4 Qxb3 32. exf5 Rxf5 33. Rxf5 gxf5 34. Qf6+ Kh5 35. Qxf5+ Kh6 36. a5 Qb1+ 37. Kg2 b6 38. Qf6+ Kh5 39. h4 Qc2+ 40. Kh3 Qc8+ 41. Kg2 Qc2+ 1/2-1/2

[Event "Wch U18 Girls"]
[Site "Al Ain"]
[Date "2013.12.23"]
[Round "10"]
[White "Lezhepekova, Veronika"]
[Black "Jaramillo Arce, Katherine Jomira"]
[Result "1-0"]
[WhiteElo "2121"]
[BlackElo "1850"]
[PlyCount "59"]
[EventDate "2013.12.18"]
[EventType "swiss"]
[EventRounds "11"]
[EventCountry "UAE"]
[SourceTitle "CBM 158 Extra"]
[Source "ChessBase"]
[SourceDate "2014.02.28"]
[SourceVersion "1"]
[SourceVersionDate "2014.02.28"]
[SourceQuality "1"]

1. d4 Nf6 2. Nf3 g6 3. c4 Bg7 4. Nc3 d5 5. cxd5 Nxd5 6. e4 Nxc3 7. bxc3 c5 8. Be3 0-0 9. Be2 Qa5 10. 0-0 Nc6 11. Rc1 Rd8 12. d5 Bxc3 13. Rxc3 Qxc3 14. Bd2 Qf6 15. dxc6 Qxc6 16. Qc2 b6 17. Ne5 Qd6 18. Bc3 Be6 19. f4 f6 20. Nc4 Qc6 21. f5 Bf7 22. e5 g5 23. e6 Be8 24. Bf3 Qc7 25. Bxa8 Rxa8 26. Ne3 Rd8 27. Qb2 Rd3 28. Ng4 Qd6 29. Bxf6 Rd2 30. Nh6+ 1-0

[Event "Stavropol Region-ch"]
[Site "Kislovodsk"]
[Date "2011.09.18"]
[Round "9"]
[White "Potapov, Alexander"]
[Black "Lezhepekova, Veronika"]
[Result "0-1"]
[WhiteElo "2241"]
[BlackElo "2089"]
[PlyCount "70"]
[EventDate "2011.09.09"]
[EventType "swiss"]
[EventRounds "9"]
[EventCountry "RUS"]
[SourceTitle "EXT 2022"]
[Source "ChessBase"]
[SourceDate "2021.10.06"]
[SourceVersion "1"]
[SourceVersionDate "2021.10.06"]
[SourceQuality "1"]

1. e4 c5 2. Nf3 Nc6 3. d4 cxd4 4. Nxd4 e5 5. Nb5 d6 6. N1c3 a6 7. Na3 b5 8. Nd5 Nf6 9. Bg5 Be7 10. Nxe7 Nxe7 11. Bd3 Bb7 12. Qe2 Nd7 13. c4 b4 14. Nc2 a5 15. 0-0 Nc5 16. f3 0-0 17. Be3 Qc7 18. Bf2 Nc6 19. Ne3 Nd4 20. Qd2 Nce6 21. Rfd1 Bc6 22. Rac1 Rfd8 23. Nf5 Nxf5 24. exf5 Nf4 25. Be4 g6 26. f6 Bxe4 27. fxe4 Qd7 28. Bg3 g5 29. Bxf4 gxf4 30. c5 Qe6 31. cxd6 Qxf6 32. Rc5 Qe6 33. d7 Kf8 34. Rd5 Ra6 35. Rxa5 Qb6+ 0-1

[Event "RUS-ch (Women) 1st League 61st"]
[Site "Ivanovo"]
[Date "2011.02.26"]
[Round "6"]
[White "Karavaeva, Nadezhda"]
[Black "Lezhepekova, Veronika"]
[Result "1-0"]
[WhiteElo "1979"]
[BlackElo "2117"]
[PlyCount "67"]
[EventDate "2011.02.21"]
[EventType "swiss"]
[EventRounds "9"]
[EventCountry "RUS"]
[SourceTitle "CBM 141 Extra"]
[Source "ChessBase"]
[SourceDate "2011.05.03"]
[SourceVersion "1"]
[SourceVersionDate "2011.05.03"]
[SourceQuality "1"]

1. e4 d6 2. d4 Nf6 3. Nc3 g6 4. Be2 Bg7 5. Be3 c6 6. Qd2 b5 7. a3 a6 8. Bh6 0-0 9. h4 e5 10. Bxg7 Kxg7 11. h5 Qe7 12. 0-0-0 a5 13. hxg6 fxg6 14. f3 Be6 15. d5 cxd5 16. exd5 Bd7 17. Bxb5 Na6 18. Nh3 Bxb5 19. Nxb5 Nc5 20. Ng5 Rfc8 21. Ne6+ Nxe6 22. dxe6 d5 23. f4 Qxe6 24. fxe5 Qxe5 25. Rde1 Ne4 26. Qh6+ Kf6 27. Rhf1+ Ke6 28. Qh3+ Ke7 29. Qxh7+ Ke8 30. Qxg6+ Kd8 31. Rf8+ Kd7 32. Rf7+ Kd8 33. Qg8+ Qe8 34. Rf8 1-0

[Event "Voronezh op-B 14th"]
[Site "Voronezh"]
[Date "2010.06.15"]
[Round "4"]
[White "Terentiev, Denis"]
[Black "Lezhepekova, Veronika"]
[Result "0-1"]
[WhiteElo "2095"]
[BlackElo "2072"]
[PlyCount "52"]
[EventDate "2010.06.12"]
[EventType "swiss"]
[EventRounds "9"]
[EventCountry "RUS"]
[SourceTitle "CBM 137 Extra"]
[Source "ChessBase"]
[SourceDate "2010.09.01"]
[SourceVersion "1"]
[SourceVersionDate "2010.09.01"]
[SourceQuality "1"]

1. Nf3 d5 2. g3 c5 3. Bg2 Nc6 4. 0-0 Nf6 5. d3 e5 6. c4 Be7 7. cxd5 Nxd5 8. Nc3 Be6 9. h3 0-0 10. Bd2 Rb8 11. Qc1 h6 12. Ne1 Nxc3 13. bxc3 Qd7 14. Kh2 c4 15. Qc2 Rfd8 16. Rd1 cxd3 17. Nxd3 Qc7 18. Qb1 Na5 19. Nb2 Nc4 20. Bc1 Na3 21. Qe4 Rxd1 22. Nxd1 f5 23. Qa4 b5 24. Qa6 Rb6 25. Qxa3 Bxa3 26. Bxa3 Bxa2 0-1

[Event "Stavropol Region-ch"]
[Site "Kislovodsk"]
[Date "2009.10.09"]
[Round "7"]
[White "Hudyakov, Sergey"]
[Black "Lezhepekova, Veronika"]
[Result "0-1"]
[WhiteElo "2209"]
[BlackElo "2112"]
[PlyCount "138"]
[EventDate "2009.10.03"]
[EventType "swiss"]
[EventRounds "9"]
[EventCountry "RUS"]
[SourceTitle "EXT 2022"]
[Source "ChessBase"]
[SourceDate "2021.10.06"]
[SourceVersion "1"]
[SourceVersionDate "2021.10.06"]
[SourceQuality "1"]

1. d4 d6 2. c4 e5 3. dxe5 dxe5 4. Qxd8+ Kxd8 5. Nc3 c6 6. f4 exf4 7. Bxf4 Be6 8. 0-0-0+ Nd7 9. Nf3 f6 10. e4 Ne7 11. Be2 Ng6 12. Bg3 Ke8 13. Nd4 Bf7 14. Nf5 Nge5 15. b3 Rd8 16. Kc2 g6 17. Nd6+ Bxd6 18. Rxd6 Ke7 19. Rdd1 b6 20. Bf2 Nf8 21. a4 Ne6 22. a5 Rxd1 23. Rxd1 Rb8 24. Ra1 Rb7 25. axb6 axb6 26. Ra8 g5 27. Ra6 Nd7 28. b4 Nc7 29. Ra4 Ne5 30. b5 c5 31. Bg3 Kd6 32. Ra1 Ne6 33. Nd5 Nd4+ 34. Kd1 Bxd5 35. cxd5 f5 36. Ra8 f4 37. Bf2 Rd7 38. Ra6 Rb7 39. Ra8 g4 40. Rd8+ Ke7 41. Bh4+ Kf7 42. Rh8 Kg7 43. Re8 Ng6 44. Bxg4 Kf7 45. Ra8 Nxh4 46. e5 Nhf5 47. Bh5+ Kg7 48. d6 Nxd6 49. exd6 Rd7 50. Be8 Rxd6 51. Ke1 c4 52. Rc8 c3 53. Rc4 Re6+ 54. Kd1 c2+ 55. Kd2 c1Q+ 56. Kxc1 Ne2+ 57. Kd2 Rxe8 58. Rc6 Ng1 59. Rxb6 Re2+ 60. Kd1 Rxg2 61. Rc6 Rb2 62. b6 f3 63. Ke1 f2+ 64. Kf1 Nf3 65. Rc7+ Kh6 66. Rc6+ Kg5 67. h4+ Kg4 68. Kg2 Nh2 69. Rc4+ Kf5 0-1